Maurizio Sarri's Napoli - Statistics

General Stats
  • This quiz has been taken 17 times
  • The average score is 22 of 35
Answer Stats
Rank Player Position Nationality Matches Goals Assists % Correct
7 Allan Defensive Midfield 132 8 14
100%
19 Arkadiusz Milik Centre-Forward 40 14 1
100%
6 Dries Mertens Second Striker 135 67 33
100%
5 Elseid Hysaj Right-Back 135 0 3
100%
8 Kalidou Koulibaly Centre-Back 125 7 1
100%
2 Marek Hamsik Central Midfield 144 30 22
100%
11 Piotr Zieliński Central Midfield 94 13 7
100%
9 Raúl Albiol Centre-Back 113 4 5
100%
10 Jorginho Defensive Midfield 108 4 13
92%
1 José Callejón Right Winger 146 42 36
92%
4 Lorenzo Insigne Left Winger 139 47 34
92%
3 Pepe Reina Goalkeeper 139 0 0
92%
12 Faouzi Ghoulam Left-Back 93 2 17
85%
18 Gonzalo Higuaín Centre-Forward 42 38 3
85%
16 Christian Maggio Right-Back 46 1 0
69%
22 Mário Rui Left-Back 30 2 4
69%
17 Vlad Chiricheș Defensive Midfield 42 4 0
69%
13 Marko Rog Central Midfield 56 1 2
62%
27 Adam Ounas Right Winger 13 1 0
54%
14 Amadou Diawara Defensive Midfield 55 2 1
54%
23 Ivan Strinic Left-Back 28 0 2
54%
15 Manolo Gabbiadini Centre-Forward 49 14 3
46%
26 Nikola Maksimović Centre-Back 16 1 0
46%
21 Omar El Kaddouri Attacking Midfield 31 3 8
38%
33 Rafael Cabral Goalkeeper 2 0 0
38%
20 David López Centre-Back 35 1 1
31%
31 Gabriel Goalkeeper 4 0 0
31%
30 Nathaniel Chalobah Defensive Midfield 9 1 0
31%
29 Lorenzo Tonelli Centre-Back 9 3 0
23%
32 Luigi Sepe Goalkeeper 3 0 0
23%
25 Mirko Valdifiori Defensive Midfield 16 0 3
23%
24 Emanuele Giaccherini Left Midfield 24 2 0
15%
28 Leonardo Pavoletti Centre-Forward 10 0 0
15%
35 Sebastiano Luperto Centre-Back 1 0 0
15%
34 Vasco Regini Left-Back 1 0 0
15%
No matching quizzes found
Score Distribution
Percent of People with Each Score
Percentile by Number Answered
Your Score History
You have not taken this quiz